000 00370nam a2200145Ia 4500
008 230917s9999||||xx |||||||||||||| ||und||
040 _e99350
_aMAIN
041 _aEnglish
082 _a361 G375E
100 _aGilbert, Neil
245 0 _aEmergence of social welfare and social work
260 _aillinois
_bPeacock Books
_c1977
300 _aix, 550 p.
942 _cBK
999 _c201458
_d201458